[Event "Festival de Calviá 2016 - Aficionados"]
[Site "Calvia ESP"]
[Date "2016.10.08"]
[Round "1.40"]
[White "Hardwick, A William"]
[Black "Bebchuk, Leonid"]
[Result "0-1"]
[WhiteElo "1546"]
[BlackElo "2006"]
[PlyCount "74"]
[EventDate "2016.10.08"]
[EventType "swiss"]
[EventRounds "9"]
[EventCountry "ESP"]
[SourceTitle "Ajedrez en Madrid"]
[Source "lmi"]
[SourceDate "2016.10.08"]

1. d4 Nf6 2. Nf3 e6 3. Bf4 d5 4. e3 c5 5. c3 Nc6 6. Nbd2 Be7 7. Be2 O-O 8. Ne5
Nxe5 9. Bxe5 cxd4 10. Bxd4 Bd7 11. Nf3 Ne4 12. O-O f6 13. c4 e5 14. Bc3 Nxc3
15. bxc3 Bc6 16. cxd5 Qxd5 17. Qxd5+ Bxd5 18. c4 Bc6 19. Rfd1 Rfd8 20. Rxd8+
Rxd8 21. Rd1 Kf7 22. Rxd8 Bxd8 23. Ne1 Ba5 24. Kf1 Bxe1 25. Kxe1 Bxg2 26. Bd3
Bh3 27. Be4 b6 28. Kd2 h6 29. Kc3 a5 30. Kb3 Be6 31. Bd5 Bxd5 32. cxd5 b5 33.
e4 g6 34. a4 b4 35. Kc4 Ke7 36. Kc5 b3 37. Kc6 Kd8 0-1

[Event "Festival de Calviá 2016 - Aficionados"]
[Site "Calvia ESP"]
[Date "2016.10.08"]
[Round "1.43"]
[White "Dugailliez, Guy"]
[Black "Aguado Doncel, Pablo Luis"]
[Result "1-0"]
[WhiteElo "1999"]
[BlackElo "1514"]
[PlyCount "36"]
[EventDate "2016.10.08"]
[EventType "swiss"]
[EventRounds "9"]
[EventCountry "ESP"]
[SourceTitle "Ajedrez en Madrid"]
[Source "lmi"]
[SourceDate "2016.10.08"]

1. e4 e5 2. Nf3 Nf6 3. Nc3 Bb4 4. Nd5 Nxd5 5. exd5 e4 6. Nd4 d6 7. Bb5+ Bd7 8.
Qe2 O-O 9. Bxd7 Nxd7 10. O-O Re8 11. Nf5 Qf6 12. Ng3 Qg6 13. Qb5 f5 14. d3 h5
15. Qxd7 h4 16. Qxf5 Qxf5 17. Nxf5 exd3 18. c3 Bc5 1-0

[Event "Festival de Calviá 2016 - Aficionados"]
[Site "Calvia ESP"]
[Date "2016.10.08"]
[Round "1.49"]
[White "Oriot, Patrice"]
[Black "Ferrer Agus, Rodrigo"]
[Result "1-0"]
[WhiteElo "1980"]
[BlackElo "1337"]
[PlyCount "21"]
[EventDate "2016.10.08"]
[EventType "swiss"]
[EventRounds "9"]
[EventCountry "ESP"]
[SourceTitle "Ajedrez en Madrid"]
[Source "lmi"]
[SourceDate "2016.10.08"]

1. e4 e5 2. d4 exd4 3. Nf3 c5 4. c3 dxc3 5. Nxc3 Nf6 6. e5 Ng8 7. Bc4 Ne7 8.
O-O Nbc6 9. Re1 a6 10. Ng5 Ng6 11. Bxf7+ 1-0

[Event "Festival de Calviá 2016 - Aficionados"]
[Site "Calvia ESP"]
[Date "2016.10.09"]
[Round "2.1"]
[White "Chevannes, Sabrina L"]
[Black "Ustianovich, Nazar"]
[Result "0-1"]
[WhiteElo "2033"]
[BlackElo "2316"]
[PlyCount "42"]
[EventDate "2016.10.08"]
[EventType "swiss"]
[EventRounds "9"]
[EventCountry "ESP"]
[SourceTitle "Ajedrez en Madrid"]
[Source "lmi"]
[SourceDate "2016.10.08"]

1. d4 f5 2. c4 Nf6 3. Nc3 g6 4. h4 d6 5. e4 fxe4 6. Be2 h6 7. Nh3 e5 8. dxe5
dxe5 9. Qc2 Nc6 10. Be3 Bf5 11. Rd1 Nd4 12. Qb1 c5 13. g4 Nxg4 14. Bxg4 Bxg4
15. Qxe4 Bxd1 16. Qxe5+ Qe7 17. Qxh8 Bf3 18. O-O O-O-O 19. Nd5 Qxh4 20. Qe5
Ne2+ 21. Kh2 Bd6 0-1

[Event "Festival de Calviá 2016 - Aficionados"]
[Site "Calvia ESP"]
[Date "2016.10.09"]
[Round "2.2"]
[White "Viskelis, Darius"]
[Black "Gaitan Moyano, Juan"]
[Result "1-0"]
[WhiteElo "2305"]
[BlackElo "2017"]
[PlyCount "63"]
[EventDate "2016.10.08"]
[EventType "swiss"]
[EventRounds "9"]
[EventCountry "ESP"]
[SourceTitle "Ajedrez en Madrid"]
[Source "lmi"]
[SourceDate "2016.10.08"]

1. e4 c5 2. Nf3 d6 3. Bb5+ Bd7 4. Bxd7+ Nxd7 5. O-O Ngf6 6. Re1 e6 7. c4 Be7 8.
Nc3 a6 9. d4 cxd4 10. Qxd4 O-O 11. b3 Qa5 12. Bb2 Rfd8 13. Rad1 Ne5 14. Nd2 Ng6
15. Nf1 Rac8 16. g3 b5 17. cxb5 axb5 18. b4 Qa6 19. Ne3 Ne5 20. Kg2 Nc6 21. Qd2
Nxb4 22. Ncd5 Nbxd5 23. exd5 Qxa2 24. Ra1 Qb3 25. Ra3 Ne4 26. Qd4 e5 27. Rxb3
exd4 28. Nf5 Nc5 29. Nxe7+ Kf8 30. Nxc8 Nxb3 31. Na7 Rb8 32. Nc6 1-0

[Event "Festival de Calviá 2016 - Aficionados"]
[Site "Calvia ESP"]
[Date "2016.10.09"]
[Round "2.3"]
[White "Grichkevitch, Gilles"]
[Black "Reuker, Jari"]
[Result "1-0"]
[WhiteElo "2016"]
[BlackElo "2269"]
[PlyCount "143"]
[EventDate "2016.10.08"]
[EventType "swiss"]
[EventRounds "9"]
[EventCountry "ESP"]
[SourceTitle "Ajedrez en Madrid"]
[Source "lmi"]
[SourceDate "2016.10.08"]

1. e4 c5 2. Nf3 e6 3. d4 cxd4 4. Nxd4 Nc6 5. Nc3 Qc7 6. Be3 a6 7. Qf3 d6 8. Qg3
Bd7 9. f4 b5 10. Nxc6 Bxc6 11. a3 Nf6 12. Bd3 h5 13. Bd4 h4 14. Qf3 Be7 15. O-O
h3 16. g4 e5 17. fxe5 dxe5 18. Be3 Qc8 19. g5 Qg4+ 20. Kh1 Qxf3+ 21. Rxf3 Ng4
22. Bg1 Bxg5 23. Nd5 Rc8 24. Raf1 Nf6 25. Nc3 Bd2 26. Rf5 Bxc3 27. bxc3 Kd7 28.
Rxe5 Rce8 29. Bd4 Rxe5 30. Bxe5 Ke6 31. Bxf6 gxf6 32. Rf3 Rg8 33. Rxh3 f5 34.
Rg3 fxe4 35. Bc4+ bxc4 36. Rxg8 Ke5 37. Kg1 e3 38. Kf1 f5 39. h4 Bf3 40. Rc8 f4
41. h5 Bd1 42. h6 Bxc2 43. Re8+ Kf6 44. Ke2 Kg5 45. Re6 Kg4 46. Re7 Bd3+ 47.
Ke1 f3 48. Rxe3 Kg3 49. Kd2 Kg2 50. Re7 f2 51. Rg7+ Kf3 52. h7 Bxh7 53. Rxh7
f1=N+ 54. Kc1 Ke4 55. Ra7 Kd3 56. Kb2 Ne3 57. Rd7+ Ke2 58. Kc1 a5 59. a4 Ke1
60. Re7 Ke2 61. Re5 Kd3 62. Rxa5 Kxc3 63. Re5 Nc2 64. a5 Nb4 65. Rb5 Nd3+ 66.
Kd1 Nb2+ 67. Ke2 Kc2 68. a6 Na4 69. Rb8 c3 70. a7 Kc1 71. a8=Q c2 72. Rc8 1-0

[Event "Festival de Calviá 2016 - Aficionados"]
[Site "Calvia ESP"]
[Date "2016.10.09"]
[Round "2.4"]
[White "Galiana Salom, Juan Ramon"]
[Black "Kaminski, Robert"]
[Result "1/2-1/2"]
[WhiteElo "2262"]
[BlackElo "2012"]
[PlyCount "69"]
[EventDate "2016.10.08"]
[EventType "swiss"]
[EventRounds "9"]
[EventCountry "ESP"]
[SourceTitle "Ajedrez en Madrid"]
[Source "lmi"]
[SourceDate "2016.10.08"]

1. e4 e5 2. Nf3 Nf6 3. Nxe5 d6 4. Nf3 Nxe4 5. Nc3 Nxc3 6. dxc3 Be7 7. Be3 Nc6
8. Qd2 Bf5 9. O-O-O a6 10. Be2 Qd7 11. h3 O-O-O 12. Nd4 Nxd4 13. Qxd4 Bf6 14.
Qd5 Be6 15. Qa5 Qc6 16. g4 h6 17. Rhe1 Bc4 18. Bxc4 Qxc4 19. Bd4 Bxd4 20. Qf5+
Kb8 21. Rxd4 Qxa2 22. b3 Rhe8 23. Rde4 Rxe4 24. Rxe4 Qa1+ 25. Kd2 d5 26. Ra4
Qf1 27. Qxf7 g5 28. Rd4 Qb5 29. Rd3 Qc5 30. Kc1 Rf8 31. Qxd5 Qxd5 32. Rxd5 Rxf2
33. Rd8+ Ka7 34. Rh8 Rf6 35. Kd2 1/2-1/2

[Event "Festival de Calviá 2016 - Aficionados"]
[Site "Calvia ESP"]
[Date "2016.10.09"]
[Round "2.5"]
[White "Kamm, Guenter"]
[Black "Garcia Del Rey, Senen"]
[Result "1/2-1/2"]
[WhiteElo "2009"]
[BlackElo "2253"]
[PlyCount "60"]
[EventDate "2016.10.08"]
[EventType "swiss"]
[EventRounds "9"]
[EventCountry "ESP"]
[SourceTitle "Ajedrez en Madrid"]
[Source "lmi"]
[SourceDate "2016.10.08"]

1. e4 c5 2. Nf3 e6 3. d3 Nc6 4. g3 d5 5. Nbd2 Bd6 6. Bg2 Nge7 7. O-O O-O 8. c3
b6 9. Re1 dxe4 10. dxe4 e5 11. Nc4 Bc7 12. a4 f6 13. Be3 Be6 14. Qe2 Qc8 15.
Red1 Qa6 16. Bf1 Rad8 17. b3 Qc8 18. Rxd8 Rxd8 19. Rd1 Rd7 20. Rxd7 Qxd7 21.
Qd2 Qxd2 22. Nfxd2 Nd4 23. Bd3 Kf7 24. f3 Ndc6 25. Kg2 g6 26. Na3 Nc8 27. Ndc4
Nd6 28. Nxd6+ Bxd6 29. Nc4 Bc7 30. Kf2 Ke8 1/2-1/2

[Event "Festival de Calviá 2016 - Aficionados"]
[Site "Calvia ESP"]
[Date "2016.10.09"]
[Round "2.6"]
[White "Lacrosse, Marc"]
[Black "Navarrete Terrasa, Sebastian"]
[Result "1-0"]
[WhiteElo "2247"]
[BlackElo "2009"]
[PlyCount "55"]
[EventDate "2016.10.08"]
[EventType "swiss"]
[EventRounds "9"]
[EventCountry "ESP"]
[SourceTitle "Ajedrez en Madrid"]
[Source "lmi"]
[SourceDate "2016.10.08"]

1. d4 Nf6 2. c4 g6 3. Nc3 d5 4. cxd5 Nxd5 5. e4 Nxc3 6. bxc3 Bg7 7. Be3 c5 8.
Rc1 Qa5 9. Qd2 cxd4 10. cxd4 Qxd2+ 11. Bxd2 O-O 12. Nf3 Nc6 13. d5 Nd4 14. Be3
Nxf3+ 15. gxf3 Rd8 16. Bd3 h6 17. Ke2 e6 18. Bc4 exd5 19. Bxd5 Be6 20. Bxe6
fxe6 21. Rc7 b6 22. Rhc1 g5 23. h4 Bd4 24. hxg5 Bxe3 25. Kxe3 hxg5 26. Rg1 Rdb8
27. Rxg5+ Kf8 28. Kf4 1-0

[Event "Festival de Calviá 2016 - Aficionados"]
[Site "Calvia ESP"]
[Date "2016.10.09"]
[Round "2.7"]
[White "Bebchuk, Leonid"]
[Black "Hristodorescu, Daniel"]
[Result "0-1"]
[WhiteElo "2006"]
[BlackElo "2229"]
[PlyCount "102"]
[EventDate "2016.10.08"]
[EventType "swiss"]
[EventRounds "9"]
[EventCountry "ESP"]
[SourceTitle "Ajedrez en Madrid"]
[Source "lmi"]
[SourceDate "2016.10.08"]

1. e4 c6 2. d4 d5 3. Nd2 a6 4. Ngf3 Bg4 5. Be2 Nf6 6. e5 Ne4 7. O-O e6 8. h3
Nxd2 9. Bxd2 Bh5 10. c3 Be7 11. Be3 O-O 12. Nd2 Bxe2 13. Qxe2 c5 14. f4 cxd4
15. Bxd4 Nc6 16. Nf3 b5 17. Kh2 b4 18. cxb4 Bxb4 19. Rac1 Nxd4 20. Nxd4 Qb6 21.
Qd3 Rfc8 22. Rfd1 g6 23. Rc2 Rxc2 24. Qxc2 Bc5 25. Ne2 Rb8 26. b3 h5 27. g3 a5
28. Rd3 h4 29. g4 Qb4 30. Rc3 Bf8 31. Qd3 Qb6 32. Qd4 a4 33. Qxb6 Rxb6 34. Kg2
axb3 35. Rxb3 Ra6 36. Rb2 Ra3 37. Rc2 Bg7 38. g5 Bf8 39. Nd4 Rg3+ 40. Kh2 Rd3
41. Ne2 d4 42. Kg2 Rd1 43. Ng1 d3 44. Rc8 Ra1 45. Rd8 Rxa2+ 46. Kf3 Ra1 47. Kg2
Ra3 48. Kf3 Kg7 49. Ke4 Bc5 50. Nf3 d2 51. f5 gxf5+ 0-1

[Event "Festival de Calviá 2016 - Aficionados"]
[Site "Calvia ESP"]
[Date "2016.10.09"]
[Round "2.8"]
[White "Greiff, Hakan"]
[Black "Dugailliez, Guy"]
[Result "1-0"]
[WhiteElo "2212"]
[BlackElo "1999"]
[PlyCount "31"]
[EventDate "2016.10.08"]
[EventType "swiss"]
[EventRounds "9"]
[EventCountry "ESP"]
[SourceTitle "Ajedrez en Madrid"]
[Source "lmi"]
[SourceDate "2016.10.08"]

1. e4 Nf6 2. e5 Nd5 3. Nc3 Nxc3 4. dxc3 g6 5. Bf4 Bg7 6. Qd2 d6 7. O-O-O Nc6 8.
Bb5 Bd7 9. exd6 cxd6 10. Nf3 Qa5 11. Bc4 Be6 12. Bxe6 fxe6 13. Kb1 Kd7 14. Bxd6
exd6 15. Qxd6+ Kc8 16. Qd7+ 1-0

[Event "Festival de Calviá 2016 - Aficionados"]
[Site "Calvia ESP"]
[Date "2016.10.09"]
[Round "2.9"]
[White "Spence, David J"]
[Black "Bertz, Uwe"]
[Result "1/2-1/2"]
[WhiteElo "2192"]
[BlackElo "1996"]
[PlyCount "27"]
[EventDate "2016.10.08"]
[EventType "swiss"]
[EventRounds "9"]
[EventCountry "ESP"]
[SourceTitle "Ajedrez en Madrid"]
[Source "lmi"]
[SourceDate "2016.10.08"]

1. e4 c5 2. c3 d5 3. exd5 Qxd5 4. d4 cxd4 5. cxd4 Nc6 6. Nf3 e6 7. a3 Nf6 8.
Bd3 Be7 9. O-O O-O 10. Nc3 Qh5 11. Ne2 Qa5 12. Ng3 e5 13. Bd2 Qd5 14. dxe5
1/2-1/2

[Event "Festival de Calviá 2016 - Aficionados"]
[Site "Calvia ESP"]
[Date "2016.10.09"]
[Round "2.10"]
[White "Bryant, Richard B E"]
[Black "Van Herck, Marcel"]
[Result "1/2-1/2"]
[WhiteElo "1998"]
[BlackElo "2182"]
[PlyCount "83"]
[EventDate "2016.10.08"]
[EventType "swiss"]
[EventRounds "9"]
[EventCountry "ESP"]
[SourceTitle "Ajedrez en Madrid"]
[Source "lmi"]
[SourceDate "2016.10.08"]

1. e4 e6 2. Nc3 d5 3. d4 Bb4 4. e5 b6 5. Qg4 Bf8 6. Bg5 Qd7 7. f4 h6 8. Bh4 h5
9. Qd1 Ne7 10. Bf2 Ba6 11. Bxa6 Nxa6 12. Qe2 Nb8 13. Nf3 Nf5 14. Nh4 Nxh4 15.
Bxh4 Bb4 16. O-O Nc6 17. Bf2 Ne7 18. Nd1 Nf5 19. c4 Be7 20. Rc1 c6 21. Rc3 g6
22. Qf3 O-O 23. cxd5 cxd5 24. g4 hxg4 25. Qxg4 Kg7 26. Rd3 Rac8 27. Ne3 Nxe3
28. Bxe3 Rc2 29. Rd2 Rxd2 30. Bxd2 Qa4 31. Be3 Qxa2 32. Qg2 Rc8 33. f5 exf5 34.
Rxf5 Qb3 35. Rf3 Qd1+ 36. Rf1 Qd3 37. Qf3 Qf5 38. Qxd5 Qg4+ 39. Kh1 Qe6 40. Qe4
Rd8 41. Rc1 Rd7 42. Kg2 1/2-1/2

[Event "Festival de Calviá 2016 - Aficionados"]
[Site "Calvia ESP"]
[Date "2016.10.09"]
[Round "2.11"]
[White "Yohan, J."]
[Black "Oriot, Patrice"]
[Result "0-1"]
[WhiteElo "2182"]
[BlackElo "1980"]
[PlyCount "84"]
[EventDate "2016.10.08"]
[EventType "swiss"]
[EventRounds "9"]
[EventCountry "ESP"]
[SourceTitle "Ajedrez en Madrid"]
[Source "lmi"]
[SourceDate "2016.10.08"]

1. d4 Nf6 2. Bg5 d5 3. Bxf6 gxf6 4. c4 dxc4 5. Nc3 c5 6. d5 Bg7 7. e3 O-O 8.
Bxc4 a6 9. a4 Nd7 10. Nf3 Ne5 11. Nxe5 fxe5 12. e4 Qb6 13. Qe2 Qg6 14. O-O Kh8
15. Ra3 Bg4 16. f3 Bd7 17. Rb3 Rab8 18. Ra1 a5 19. Bb5 Bc8 20. Rd1 Qd6 21. Nb1
Bh6 22. Na3 Bf4 23. Nc4 Qh6 24. g3 Rg8 25. Ne3 Bxg3 26. hxg3 Rxg3+ 27. Kf2 Qh4
28. Nf1 Rxf3+ 29. Kxf3 Bg4+ 30. Ke3 Bxe2 31. Kxe2 Qxe4+ 32. Re3 Qg2+ 33. Ke1
Qxb2 34. Rd2 Qa1+ 35. Rd1 Qb2 36. Rd2 Qb1+ 37. Kf2 Qg6 38. Rde2 Qf6+ 39. Rf3
Qh4+ 40. Kg2 Rg8+ 41. Ng3 e4 42. Rc3 f5 0-1

[Event "Festival de Calviá 2016 - Aficionados"]
[Site "Calvia ESP"]
[Date "2016.10.09"]
[Round "2.12"]
[White "Simo Bordoy, Guillermo"]
[Black "Ballesteros Gonzalez, David"]
[Result "0-1"]
[WhiteElo "1983"]
[BlackElo "2167"]
[PlyCount "51"]
[EventDate "2016.10.08"]
[EventType "swiss"]
[EventRounds "9"]
[EventCountry "ESP"]
[SourceTitle "Ajedrez en Madrid"]
[Source "lmi"]
[SourceDate "2016.10.08"]

1. e4 g6 2. Bc4 c5 3. Nf3 Nc6 4. d4 cxd4 5. Nxd4 Bg7 6. Nxc6 bxc6 7. O-O e6 8.
Qe2 Ne7 9. Re1 O-O 10. Nd2 d5 11. Bb3 a5 12. a4 Ba6 13. Qf3 Bb7 14. Qe2 Qb6 15.
Ra3 Rfe8 16. h4 c5 17. Ba2 Nc6 18. c3 Ba6 19. Qd1 d4 20. Nc4 Qc7 21. h5 Rad8
22. Bd2 dxc3 23. bxc3 Qd7 24. hxg6 h6 25. Re2 Ne5 26. Nxe5 0-1

[Event "Festival de Calviá 2016 - Aficionados"]
[Site "Calvia ESP"]
[Date "2016.10.09"]
[Round "2.13"]
[White "Satre, Mathias"]
[Black "Kolotilina, Liudmila"]
[Result "0-1"]
[WhiteElo "1974"]
[BlackElo "2143"]
[PlyCount "36"]
[EventDate "2016.10.08"]
[EventType "swiss"]
[EventRounds "9"]
[EventCountry "ESP"]
[SourceTitle "Ajedrez en Madrid"]
[Source "lmi"]
[SourceDate "2016.10.08"]

1. c4 e6 2. g3 d5 3. Bg2 Nf6 4. Nf3 dxc4 5. Qa4+ c6 6. Qxc4 b5 7. Qc2 Bb7 8. d4
Nbd7 9. O-O c5 10. dxc5 Bxc5 11. Nc3 Qb6 12. e4 Rc8 13. Qb3 Nxe4 14. Qxb5 Nxc3
15. Qxb6 Ne2+ 16. Kh1 Bxb6 17. Ng5 Bxg2+ 18. Kxg2 Nxc1 0-1

[Event "Festival de Calviá 2016 - Aficionados"]
[Site "Calvia ESP"]
[Date "2016.10.09"]
[Round "2.14"]
[White "Cip, Dalibor"]
[Black "Melderis, Uldis"]
[Result "0-1"]
[WhiteElo "2141"]
[BlackElo "1969"]
[PlyCount "56"]
[EventDate "2016.10.08"]
[EventType "swiss"]
[EventRounds "9"]
[EventCountry "ESP"]
[SourceTitle "Ajedrez en Madrid"]
[Source "lmi"]
[SourceDate "2016.10.08"]

1. Nf3 Nf6 2. c4 c5 3. Nc3 Nc6 4. g3 g6 5. Bg2 Bg7 6. d4 cxd4 7. Nxd4 O-O 8.
O-O Nxd4 9. Qxd4 d6 10. Qd3 Nd7 11. Rd1 Ne5 12. Qe4 Bf5 13. Qxb7 Rb8 14. Qxa7
Nxc4 15. Bg5 Rxb2 16. Bxe7 Qb8 17. Qxb8 Rfxb8 18. Rac1 Bc2 19. Rxc2 Rxc2 20.
Ne4 Rxa2 21. Nf6+ Bxf6 22. Bxf6 Rxe2 23. Bf1 Rd2 24. Re1 Ne5 25. Bg2 Nd3 26.
Rf1 Re8 27. Bc3 Rc2 28. Ba5 Rc1 0-1

[Event "Festival de Calviá 2016 - Aficionados"]
[Site "Calvia ESP"]
[Date "2016.10.09"]
[Round "2.15"]
[White "Fichtinger, Leopold"]
[Black "Naylor, John"]
[Result "1/2-1/2"]
[WhiteElo "1951"]
[BlackElo "2135"]
[PlyCount "126"]
[EventDate "2016.10.08"]
[EventType "swiss"]
[EventRounds "9"]
[EventCountry "ESP"]
[SourceTitle "Ajedrez en Madrid"]
[Source "lmi"]
[SourceDate "2016.10.08"]

1. g3 Nf6 2. Bg2 d5 3. Nf3 c6 4. O-O Bg4 5. b3 e6 6. Bb2 Nbd7 7. d3 a5 8. a4
Bc5 9. d4 Bd6 10. Ne5 Bf5 11. Nd2 O-O 12. Ndf3 Be4 13. Bh3 Bxf3 14. exf3 c5 15.
Nxd7 Nxd7 16. f4 Qb6 17. f5 Rae8 18. Re1 exf5 19. Bxf5 Nf6 20. Qd2 c4 21. Bc3
Bb4 22. bxc4 dxc4 23. Reb1 Nd5 24. Bxb4 axb4 25. Bd7 Rd8 26. Bb5 Qc7 27. Re1
Nc3 28. Qe3 Nxb5 29. axb5 Qb6 30. c3 b3 31. Qe5 h6 32. Qc5 Qxc5 33. dxc5 Rd5
34. Ra7 Rb8 35. c6 Rxb5 36. cxb7 R5xb7 37. Ra4 Rc7 38. Kf1 Rd8 39. Re4 Rd1+ 40.
Re1 Rxe1+ 41. Kxe1 Rb7 42. Ra1 f5 43. Kd2 Rd7+ 44. Ke2 Kf7 45. Ra4 Rb7 46. Ra1
b2 47. Rb1 Ke6 48. Kd2 f4 49. gxf4 Kf5 50. Ke3 Rd7 51. Rxb2 Rd3+ 52. Ke2 Rxc3
53. Rb7 Rc2+ 54. Kf3 Rc3+ 55. Ke2 g6 56. Rf7+ Ke6 57. Rc7 h5 58. Rc5 Rc2+ 59.
Ke3 Rc3+ 60. Ke4 Rc1 61. Rc6+ Kf7 62. f5 gxf5+ 63. Kxf5 c3 1/2-1/2

[Event "Festival de Calviá 2016 - Aficionados"]
[Site "Calvia ESP"]
[Date "2016.10.09"]
[Round "2.16"]
[White "Jekabsons, Ivars"]
[Black "Cemborain Oricain, Alfonso"]
[Result "1-0"]
[WhiteElo "2126"]
[BlackElo "1945"]
[PlyCount "53"]
[EventDate "2016.10.08"]
[EventType "swiss"]
[EventRounds "9"]
[EventCountry "ESP"]
[SourceTitle "Ajedrez en Madrid"]
[Source "lmi"]
[SourceDate "2016.10.08"]

1. e4 c6 2. d4 d5 3. e5 c5 4. dxc5 e6 5. Nc3 Nc6 6. Bf4 Nge7 7. Nf3 Ng6 8. Bg5
Bxc5 9. a3 Bd7 10. Bd3 Rc8 11. h4 a6 12. h5 Nge7 13. h6 g6 14. Bh4 b5 15. Bf6
Rg8 16. Ng5 Qb6 17. O-O Bd4 18. Qe2 Nf5 19. Bxf5 gxf5 20. Bg7 Nxe5 21. Nxh7 Ng4
22. Nxd5 Qd6 23. Ndf6+ Bxf6 24. Nxf6+ Nxf6 25. Bxf6 Rxg2+ 26. Kxg2 Rc4 27. h7
1-0

[Event "Festival de Calviá 2016 - Aficionados"]
[Site "Calvia ESP"]
[Date "2016.10.09"]
[Round "2.28"]
[White "Andreu Lopez, Santiago"]
[Black "Walton, Alan J"]
[Result "1/2-1/2"]
[WhiteElo "1827"]
[BlackElo "2198"]
[PlyCount "37"]
[EventDate "2016.10.08"]
[EventType "swiss"]
[EventRounds "9"]
[EventCountry "ESP"]
[SourceTitle "Ajedrez en Madrid"]
[Source "lmi"]
[SourceDate "2016.10.08"]

1. e4 e6 2. d4 d5 3. exd5 exd5 4. Bd3 Nc6 5. c3 Bd6 6. Ne2 Nf6 7. O-O Bg4 8.
Re1 O-O 9. Bg5 h6 10. Bh4 Re8 11. f3 Bd7 12. Nd2 g5 13. Bg3 Qe7 14. Nf1 Bxg3
15. Nexg3 Qxe1 16. Qxe1 Rxe1 17. Rxe1 Re8 18. Rxe8+ Nxe8 19. Ne3 1/2-1/2

[Event "Festival de Calviá 2016 - Aficionados"]
[Site "Calvia ESP"]
[Date "2016.10.09"]
[Round "2.29"]
[White "Asensio Ramos, Enrique Fernand"]
[Black "Coll Verger, Amador"]
[Result "1-0"]
[WhiteElo "2077"]
[BlackElo "1596"]
[PlyCount "37"]
[EventDate "2016.10.08"]
[EventType "swiss"]
[EventRounds "9"]
[EventCountry "ESP"]
[SourceTitle "Ajedrez en Madrid"]
[Source "lmi"]
[SourceDate "2016.10.08"]

1. d4 d5 2. Bf4 c6 3. e3 Bf5 4. Nf3 e6 5. Nbd2 Nf6 6. Ne5 Nbd7 7. g4 Bg6 8. h4
Nxe5 9. dxe5 Nxg4 10. Qxg4 Bxc2 11. Rc1 Bf5 12. Qd1 Bb4 13. a3 Bxd2+ 14. Qxd2
Be4 15. Rg1 Qxh4 16. Bg5 Qh2 17. Qb4 f6 18. exf6 O-O-O 19. Rxc6+ 1-0

[Event "Festival de Calviá 2016 - Aficionados"]
[Site "Calvia ESP"]
[Date "2016.10.09"]
[Round "2.36"]
[White "Amengual Perello, Jordi"]
[Black "Yanayt, Eugene"]
[Result "0-1"]
[WhiteElo "1393"]
[BlackElo "2200"]
[PlyCount "62"]
[EventDate "2016.10.08"]
[EventType "swiss"]
[EventRounds "9"]
[EventCountry "ESP"]
[SourceTitle "Ajedrez en Madrid"]
[Source "lmi"]
[SourceDate "2016.10.08"]

1. e4 c5 2. Nc3 g6 3. f4 Bg7 4. Nf3 Nc6 5. Bc4 e6 6. d3 Nge7 7. O-O d5 8. Bb3
O-O 9. Qe1 Rb8 10. a4 Nd4 11. Nxd4 cxd4 12. Nb5 a6 13. Na3 dxe4 14. Qxe4 b5 15.
axb5 axb5 16. Qe1 Nf5 17. Nb1 Bb7 18. Nd2 Ne3 19. Nf3 Nxf1 20. Qxf1 Bd5 21.
Bxd5 Qxd5 22. b3 Rfc8 23. Qf2 Qc5 24. Bb2 Qxc2 25. Qxc2 Rxc2 26. Bxd4 Rd8 27.
Bxg7 Kxg7 28. Ne5 Rdc8 29. Ra7 R8c7 30. Ra5 Rb2 31. h3 Rcc2 0-1

[Event "Festival de Calviá 2016 - Aficionados"]
[Site "Calvia ESP"]
[Date "2016.10.09"]
[Round "2.40"]
[White "Koch-Muller, Oscar"]
[Black "Rodriguez Garcia, Jesus"]
[Result "0-1"]
[WhiteElo "1638"]
[BlackElo "1900"]
[PlyCount "58"]
[EventDate "2016.10.08"]
[EventType "swiss"]
[EventRounds "9"]
[EventCountry "ESP"]
[SourceTitle "Ajedrez en Madrid"]
[Source "lmi"]
[SourceDate "2016.10.08"]

1. c4 c5 2. Nc3 Nc6 3. g3 Nf6 4. Bg2 d6 5. Nf3 e6 6. O-O Be7 7. d3 O-O 8. Bg5
d5 9. a3 d4 10. Bxf6 Bxf6 11. Ne4 Be7 12. Qd2 h6 13. Qc2 f5 14. Ned2 a5 15.
Rfe1 Qd6 16. Rad1 Rd8 17. Nb3 a4 18. Nbd2 Bd7 19. Nb1 Na5 20. Nbd2 Bf6 21. Rb1
Bc6 22. Kh1 g5 23. Ng1 Kg7 24. f3 h5 25. Rf1 Rh8 26. Rf2 g4 27. Rbf1 h4 28.
gxh4 Rxh4 29. f4 g3 0-1

[Event "Festival de Calviá 2016 - Aficionados"]
[Site "Calvia ESP"]
[Date "2016.10.09"]
[Round "2.41"]
[White "Steinschuld, Jo"]
[Black "Navarrete Terrasa, Antonio"]
[Result "0-1"]
[WhiteElo "1605"]
[BlackElo "1883"]
[PlyCount "42"]
[EventDate "2016.10.08"]
[EventType "swiss"]
[EventRounds "9"]
[EventCountry "ESP"]
[SourceTitle "Ajedrez en Madrid"]
[Source "lmi"]
[SourceDate "2016.10.08"]

1. e4 c6 2. d4 d5 3. exd5 cxd5 4. Bd3 Nc6 5. c3 Qc7 6. Nd2 Nf6 7. Ngf3 Bg4 8.
Qc2 e6 9. O-O Bd6 10. Re1 O-O 11. h3 Bh5 12. Be2 Bg6 13. Bd3 a6 14. a4 Nb4 15.
cxb4 Qxc2 16. Bxc2 Bxc2 17. Re3 Bxb4 18. Ne5 Rfc8 19. Nd3 Bxd3 20. Rxd3 Rc2 21.
Nf3 Ne4 0-1

[Event "Festival de Calviá 2016 - Aficionados"]
[Site "Calvia ESP"]
[Date "2016.10.09"]
[Round "2.43"]
[White "Febrero Perez, Lluis"]
[Black "Cerdo Fernandez, Miguel"]
[Result "0-1"]
[WhiteElo "1586"]
[BlackElo "1880"]
[PlyCount "48"]
[EventDate "2016.10.08"]
[EventType "swiss"]
[EventRounds "9"]
[EventCountry "ESP"]
[SourceTitle "Ajedrez en Madrid"]
[Source "lmi"]
[SourceDate "2016.10.08"]

1. e4 c5 2. Nf3 Nc6 3. d4 cxd4 4. Nxd4 Nf6 5. Nxc6 bxc6 6. Bd3 e5 7. c4 Bc5 8.
Nd2 O-O 9. O-O d5 10. cxd5 cxd5 11. Nb3 Bb6 12. exd5 Qxd5 13. Kh1 Bb7 14. f3
Rad8 15. Be2 Qc6 16. Bd2 Rd6 17. Rc1 Qd7 18. Qe1 Rc8 19. Bc3 Qf5 20. Qg3 Re8
21. Bb5 Nh5 22. Qg4 Qxg4 23. fxg4 Ng3+ 24. hxg3 Rh6# 0-1

[Event "Festival de Calviá 2016 - Aficionados"]
[Site "Calvia ESP"]
[Date "2016.10.09"]
[Round "2.44"]
[White "Holliman, Bob"]
[Black "Cassidy, Sydney"]
[Result "1-0"]
[WhiteElo "1877"]
[BlackElo "1583"]
[PlyCount "57"]
[EventDate "2016.10.08"]
[EventType "swiss"]
[EventRounds "9"]
[EventCountry "ESP"]
[SourceTitle "Ajedrez en Madrid"]
[Source "lmi"]
[SourceDate "2016.10.08"]

1. d4 Nf6 2. c4 e6 3. Nf3 c5 4. d5 exd5 5. cxd5 d6 6. Nc3 Be7 7. e4 Nbd7 8. Bd3
O-O 9. O-O a6 10. a4 Re8 11. Re1 b6 12. h3 Bb7 13. b3 h6 14. Bb2 Qc7 15. Rc1
Rac8 16. Ne2 Qb8 17. Ng3 Qa7 18. Nf5 Bf8 19. Nd2 g6 20. Ng3 Ne5 21. Nc4 Nfd7
22. f4 Nxc4 23. bxc4 Bg7 24. Bxg7 Kxg7 25. Qg4 Nf6 26. Nf5+ Kh7 27. Qh4 gxf5
28. Qxf6 Ba8 29. e5 1-0